Welcome to CU Library Online Public Access Catalogue (OPAC)

ACTS; (Record no. 7022)

MARC details
000 -LEADER
fixed length control field 00378nam a22001457a 4500
005 - DATE AND TIME OF LATEST TRANSACTION
control field 20250717104900.0
008 - FIXED-LENGTH DATA ELEMENTS--GENERAL INFORMATION
fixed length control field 250717b |||||||| |||| 00| 0 eng d
020 ## - INTERNATIONAL STANDARD BOOK NUMBER
International Standard Book Number 9780801011375
050 ## - LIBRARY OF CONGRESS CALL NUMBER
Classification number BS2625
Item number .3 BOI
100 ## - MAIN ENTRY--PERSONAL NAME
Personal name BOICE MONTGOMERY JAMES
245 ## - TITLE STATEMENT
Title ACTS;
Remainder of title AN EXPOSITIONAL COMMENTARY
260 ## - PUBLICATION, DISTRIBUTION, ETC.
Place of publication, distribution, etc. MICHIGAN
Name of publisher, distributor, etc. BAKER BOOKS
Date of publication, distribution, etc. c1997
300 ## - PHYSICAL DESCRIPTION
Extent 454p
942 ## - ADDED ENTRY ELEMENTS (KOHA)
Source of classification or shelving scheme Library of Congress Classification
Koha item type Books
Suppress in OPAC No
999 ## -
-- 7022
-- 7022
Holdings
Withdrawn status Lost status Source of classification or shelving scheme Damaged status Not for loan Collection Home library Current library Shelving location Date acquired Total checkouts Full call number Barcode Date last seen Copy number Price effective from Koha item type
    Library of Congress Classification     Non-fiction Undergraduate Library (Christ Temple) Undergraduate Library (Christ Temple) General stacks 07/17/2025   BS2625.3 BOI ULCT00003922 07/17/2025 1 07/17/2025 Books
© 2023-2024 Copyright: Central University Libraries. All Rights Reserved | Created by: Mahone Tech Office